00538 2200193 4500001002100000005001500021035002000036007000300056008004100059020001800100082001000118084001600128100001500144245007800159260004400237300003700281650001200318990001400330INLIS00000000000245620250730114855 a0010-0725000562ta250730 g 0 ind  a979-537-041-3 a658.3 a658.3 TIM s0 aTimpe Dale1 aSeri Manajemen Sumber Daya Manusia, Kinerja ( Performance ) /cDale Timpe aJakarta :bAlex Media Komputindo,c1992 axii, 450 hlm :bilus. ;c23,7 cm 4aKinerja aBUN025706